The handwriting analyst's toolkit : (Record no. 25693)

MARC details
000 -LEADER
fixed length control field 00715cam a22002295a 4500
001 - CONTROL NUMBER
control field 13293095
005 - DATE AND TIME OF LATEST TRANSACTION
control field 20201128024209.0
008 - FIXED-LENGTH DATA ELEMENTS--GENERAL INFORMATION
fixed length control field 030728t2004 nyua 001 0 eng
020 ## - INTERNATIONAL STANDARD BOOK NUMBER
International Standard Book Number 1592331246
020 ## - INTERNATIONAL STANDARD BOOK NUMBER
International Standard Book Number 9781592331246
040 ## - CATALOGING SOURCE
Original cataloging agency DLC
Transcribing agency DLC
Modifying agency DLC
-- EG-ScBUE
Language of cataloging eng
082 04 - DEWEY DECIMAL CLASSIFICATION NUMBER
Edition number 22
Classification number 155.282
Item number WES
100 1# - MAIN ENTRY--PERSONAL NAME
Personal name West, Peter,
Dates associated with a name 1939-
245 14 - TITLE STATEMENT
Title The handwriting analyst's toolkit :
Remainder of title character and personality revealed through graphology /
Statement of responsibility, etc Peter West.
260 ## - PUBLICATION, DISTRIBUTION, ETC. (IMPRINT)
Place of publication, distribution, etc Gloucester ;
-- Hove :
Name of publisher, distributor, etc A Quarto Book,
Date of publication, distribution, etc c.2004.
300 ## - PHYSICAL DESCRIPTION
Extent 128 p. :
Other physical details ill. (some col.) ;
Dimensions 25 cm.
500 ## - GENERAL NOTE
General note Includes index.
650 #7 - SUBJECT ADDED ENTRY--TOPICAL TERM
Topical term or geographic name as entry element Graphology.
Source of heading or term BUEsh
9 (RLIN) 915
651 ## - SUBJECT ADDED ENTRY--GEOGRAPHIC NAME
Source of heading or term BUEsh
653 ## - INDEX TERM--UNCONTROLLED
Resource For college Communication and mass media
Arrived date list November2017
942 ## - ADDED ENTRY ELEMENTS (KOHA)
Source of classification or shelving scheme Dewey Decimal Classification
Holdings
Withdrawn status Item status Source of classification or shelving scheme Damaged status Not for loan Home library Current library Shelving location Date acquired Total Checkouts Total Renewals Full call number Barcode Date last seen Date last borrowed Koha item type
    Dewey Decimal Classification     Central Library Central Library Lower Floor 29/11/2017 2 3 155.282 WES 000042589 15/07/2025 14/12/2021 Book - Borrowing